Курс сравнительной типологии английского и русского языков: учебное пособие

Bibliographische Detailangaben
1. Verfasser: Кошевая И. Г. Инна Георгиевна
Zusammenfassung:В основу курса положен тезис о том, что язык представляет собой общечеловеческое явление, в силу чего он характеризуется общими законами развития. Так как обучение иностранному языку осуществляется через призму родного, именно типология облегчает этот процесс, помогает правильно ориентироваться в потоке языковой информации. Для студентов, аспирантов и преподавателей языковых вузов, а также для широкого круга лиц, интересующихся проблемами теории языка.
Sprache:Russisch
Veröffentlicht: Москва, Высшая школа, 2008
Schlagworte:
Format: MixedMaterials Buch
KOHA link:https://koha.lib.tpu.ru/cgi-bin/koha/opac-detail.pl?biblionumber=146747

MARC

LEADER 00000nam0a2200000 4500
001 146747
005 20231101221241.0
010 |a 9785060054495 
035 |a (RuTPU)RU\TPU\book\159075 
090 |a 146747 
100 |a 20081101d2008 m y0rusy50 ca 
101 0 |a rus 
102 |a RU 
105 |a y j 000zy 
200 1 |a Курс сравнительной типологии английского и русского языков  |e учебное пособие  |f И. Г. Кошевая 
210 |a Москва  |c Высшая школа  |d 2008 
215 |a 327 с. 
330 |a В основу курса положен тезис о том, что язык представляет собой общечеловеческое явление, в силу чего он характеризуется общими законами развития. Так как обучение иностранному языку осуществляется через призму родного, именно типология облегчает этот процесс, помогает правильно ориентироваться в потоке языковой информации. Для студентов, аспирантов и преподавателей языковых вузов, а также для широкого круга лиц, интересующихся проблемами теории языка. 
606 1 |a Английский язык  |x Учебные руководства и пособия  |x Учебные руководства и пособия для высшей школы  |2 stltpush  |3 (RuTPU)RU\TPU\subj\29071  |9 52483 
610 1 |a русский язык 
610 1 |a сравнительная технология 
610 1 |a типологические структуры 
610 1 |a типология 
610 1 |a фонетика 
610 1 |a грамматика 
610 1 |a синтаксис 
686 |a Ш143.21-923  |v LBC/SL-A  |2 rubbk 
686 |a Ш141.2-923  |v LBC/SL-A  |2 rubbk 
700 1 |a Кошевая  |b И. Г.  |g Инна Георгиевна 
801 1 |a RU  |b 63413507  |c 20081101  |g PSBO 
801 2 |a RU  |b 63413507  |c 20140303  |g PSBO 
900 |a Сравнительная типология 
900 |a Сравнительная типология (английский) 
942 |c BK 
951 |b 031000  |b 031001